000 01167nam a22003497a 4500
003 CHAP
005 20220329133426.0
008 971013s1993 r 00010 d
010 _a6238
011 _a7210
035 _a6433
040 _cCHAP
090 _aTesis
100 0 0 _aPérez López, Germán.
_989794
245 _aInfluencia antropogénica en las condiciones físicas de un vertisol en la región fronteriza del estado de Chiapas
260 _aChapingo, Méx. :
_bEl autor,
_c1993
300 _a76 h.
_b; gráfs.
500 _a61-129
502 _aTesis (Ing. Agr. Esp. en Suelos) -- UACH. Departamento de Suelos
590 _aALEPH
_b10
_c20130110
_lUCH01
_h1217
590 _aBATCH-UPD
_b10
_c20130110
_lUCH01
_h1130
590 _aBATCH-UPD
_b10
_c20130410
_lUCH01
_h0719
590 _aBATCH-UPD
_b10
_c20130914
_lUCH01
_h1925
590 _aCONVERSION
_b10
_c20130109
_lUCH01
_h1305
650 1 4 _aSuelos
_xChiapas.
_9110236
650 1 4 _aSuelos
_xFísica de.
_9110373
650 1 4 _aVertisoles.
_9118971
901 _aBK
942 _cFOLL
949 _bBC
_cTES
_d-16034
_eTS1
_h25439
_i6433
_si
949 _bBC
_cTES
_d33724000641387
_eTS2
_fc.2
_h30936
_i6433
_si
999 _c6238
_d6238